Countries by Area - B - Statistics

General Stats
  • This quiz has been taken 29 times
  • The average score is 15 of 17
Answer Stats
Hint Answer % Correct
1,098,580 Bolivia
100%
8,515,767 Brazil
100%
207,600 Belarus
96%
51,129 Bosnia and Herzegovina
96%
600,370 Botswana
96%
147,570 Bangladesh
93%
32,545 Belgium
89%
110,910 Bulgaria
89%
13,940 Bahamas
85%
430 Barbados
85%
22,966 Belize
85%
274,200 Burkina Faso
85%
27,834 Burundi
85%
5,770 Brunei
81%
665 Bahrain
74%
112,620 Benin
74%
47,000 Bhutan
67%
No matching quizzes found
Score Distribution
Percent of People with Each Score
Percentile by Number Answered
Your Score History
You have not taken this quiz